Izmerenije raschoda židkostej i gazov v sistemach vodosnabženija i kanalizaciji
Saved in:
| Main Authors: | , |
|---|---|
| Format: | Book |
| Language: | Russian |
| Published: |
Moskva :
Strojizdat,
1985
|
| Edition: | 2.preprac.a dopl.vyd. |
| Tags: |
No Tags, Be the first to tag this record!
|
MARC
| LEADER | 00000nam a22000003a 4500 | ||
|---|---|---|---|
| 001 | stu85450 | ||
| 005 | 20150617225632.9 | ||
| 008 | 040330s1985----xxr-----------------rus-d | ||
| 040 | |a STU |b slo | ||
| 041 | 0 | |a rus | |
| 044 | |a xxr | ||
| 080 | |a 628.17.08 | ||
| 080 | |a 681.121 |7 stu_us_auth*stu1793 | ||
| 100 | 1 | |a Lobačev, P.V. |4 aut | |
| 245 | 1 | |a Izmerenije raschoda židkostej i gazov v sistemach vodosnabženija i kanalizaciji | |
| 250 | |a 2.preprac.a dopl.vyd. | ||
| 260 | |a Moskva : |b Strojizdat, |c 1985 | ||
| 300 | |a 423 s | ||
| 700 | 1 | |a Ševelev, F.A. |4 aut | |
| 996 | |c V*31603/O-12864 |l VV17 |s P |a 0 |w stu85450_0001 | ||